00489nmm a2200169Ia 4500008004100000020001800041041000800059100002600067245003600093264003900129300001800168490002600186650003200212856005100244942000700295999001700302251105s9999||||xx |||||||||||||||||und|| a9788446043645 aspa aGuedán Manuel (ed.) 0aPodemos: una historia colectiva a[Madrid, España] :bAkal, c2017 a224 páginas aPensamiento crítico aPolitical Science (General) uhttps://public.digitaliapublishing.com/a/50884 cCF c83062d83062